000 00969nam a22003137a 4500
001 0000001
003 KOHA_MİRAKIL
005 20260207001155.0
007 ta
008 081212b2006 tu a|||gr||||#0|||0|tur |
020 _a9750089502
_c25,59
040 _aTR-BiSEU
_btur
_cTR-BiSEU
_erda
041 0 _atur
044 _ctu
050 _aT385
_b.S29 2006
100 1 _aSaygın, İsmail.
245 1 _aBilgisayar destekli tasarım (Solidworks)/
_cİsmail Saygın ; İsmail Saygın.
264 1 _aİzmir :
_bMODÜL Teknik Eğitim ve Hizmet Organizasyonu
_c2006
300 _a351 sayfa :
_bresimli ;
_c28 cm. +
_e1 CD-ROM
336 _ametin
_btxt
_2rdacontent
337 _aaracısız
_bn
_2rdamedia
338 _acilt
_bnc
_2rdacarrier
500 _aDizin var.
500 _aKaynakça var.
650 0 _aMakine programcılığı--Kılavuzlar.
_91472
650 0 _aPaket programlar--SolidWorks Kılavuzlar.
_91473
907 _aYardımcı Kitap
942 _2lcc
_cBK
999 _c2
_d2